000 01070cad a22002175a 4500
001 E150624
008 100804e20100707xxk 000 0 eng d
035 _a(Sirsi) u150624
041 0 _aeng
100 1 _aMiller, Kristen
245 0 0 _aSpecial report
_bcreation of new Scottish empty homes partnership
_h[electronic resource]
260 _c2010
490 _aScotland National Rural Network Special Report
_v7 July 2010
520 _aOutlines the work of the Scottish Empty Homes Partnership, which has recently been established to help councils and their partners such as housing associations, developers and property owners, bring empty property back into use. The project is funded by the Scottish Government and overseen by Shelter Scotland.
590 _aKA
610 2 4 _aScottish Empty Homes Partnership
_95872
651 4 _aScotland
_y1999-
690 _aPROPERTY-RESIDENTIAL PROPERTY-DOMESTIC RESIDENTIAL PROPERTY-HOUSING
856 4 0 _uhttps://www.ruralgateway.org.uk/en/node/2446
_zView the article free of charge at www.ruralgateway.org.uk
942 _n0
999 _c82579
_d82579